| 000 | 00456nam a2200169 a 4500 | ||
|---|---|---|---|
| 001 | 000037768 | ||
| 005 | 20240229073927.0 | ||
| 008 | 130305s2012 dr a 000 0 spa d | ||
| 020 | _a9789945473292 | ||
| 040 |
_aDO-SdBNP _bspa _cBNPHU |
||
| 082 |
_axxxx _bxxxx |
||
| 100 | 1 |
_aLeón David _d1945- _984930 |
|
| 245 | 1 | 0 |
_aHuellas sobre la arena / _cLeón David. |
| 250 | _a2a. ed. | ||
| 260 |
_aSanto Domingo, : _bSantuario, _c2012. |
||
| 300 |
_a71 p. _a23 cm. |
||
| 999 |
_c37258 _d37258 |
||